TENWEK HOSP HOME | SOC  | ASK A LIBRARIANSTAFF LOGIN  |  DIGITAL REPOSITORYe-BOOK PORTAL  |  OFF-CAMPUS PORTAL  |  DONATE

Understanding non-Christian religions / (Record no. 107)

MARC details
000 -LEADER
fixed length control field 01017cam a2200313 a 4500
001 - CONTROL NUMBER
control field 4208494
003 - CONTROL NUMBER IDENTIFIER
control field Ke-BoTe
005 - DATE AND TIME OF LATEST TRANSACTION
control field 20211104142644.0
008 - FIXED-LENGTH DATA ELEMENTS--GENERAL INFORMATION
fixed length control field 831024s1982 cau b 000 0 eng
010 ## - LIBRARY OF CONGRESS CONTROL NUMBER
LC control number 81086543
020 ## - INTERNATIONAL STANDARD BOOK NUMBER
International Standard Book Number 0866050922 (pbk.) :
Terms of availability $5.95
040 ## - CATALOGING SOURCE
Original cataloging agency DLC
Transcribing agency DLC
Modifying agency DLC
050 00 - LIBRARY OF CONGRESS CALL NUMBER
Classification number BR127
Item number .M37 1982
082 00 - DEWEY DECIMAL CLASSIFICATION NUMBER
Classification number 291
Edition number 19
100 1# - MAIN ENTRY--PERSONAL NAME
Personal name McDowell, Josh.
9 (RLIN) 233
245 10 - TITLE STATEMENT
Title Understanding non-Christian religions /
Statement of responsibility, etc. Josh McDowell & Don Stewart.
260 ## - PUBLICATION, DISTRIBUTION, ETC.
Place of publication, distribution, etc. San Bernardino, Calif. :
Name of publisher, distributor, etc. Here's Life Publishers,
Date of publication, distribution, etc. c1982.
300 ## - PHYSICAL DESCRIPTION
Extent 208 p. ;
Dimensions 21 cm.
490 1# - SERIES STATEMENT
Series statement Handbook of today's religions
500 ## - GENERAL NOTE
General note "Campus Crusade for Christ."
504 ## - BIBLIOGRAPHY, ETC. NOTE
Bibliography, etc. note Bibliography: p. 203-208.
650 #0 - SUBJECT ADDED ENTRY--TOPICAL TERM
Topical term or geographic name entry element Christianity and other religions.
9 (RLIN) 206
650 #0 - SUBJECT ADDED ENTRY--TOPICAL TERM
Topical term or geographic name entry element Religions.
9 (RLIN) 205
650 #0 - SUBJECT ADDED ENTRY--TOPICAL TERM
Topical term or geographic name entry element Evangelistic work.
9 (RLIN) 87
700 1# - ADDED ENTRY--PERSONAL NAME
Personal name Stewart, Don Douglas.
9 (RLIN) 236
800 1# - SERIES ADDED ENTRY--PERSONAL NAME
Personal name McDowell, Josh.
Title of a work Handbook of today's religions.
9 (RLIN) 237
906 ## - LOCAL DATA ELEMENT F, LDF (RLIN)
a 7
b cbc
c orignew
d 3
e opcn
f 19
g y-gencatlg
942 ## - ADDED ENTRY ELEMENTS (KOHA)
Source of classification or shelving scheme Library of Congress Classification
Koha item type Books
Suppress in OPAC No
Holdings
Withdrawn status Lost status Source of classification or shelving scheme Damaged status Not for loan Collection code Home library Current library Shelving location Date acquired Total Checkouts Full call number Barcode Date last seen Price effective from Koha item type
    Library of Congress Classification     Non-fiction SCHOOL OF CHAPLAINCY SCHOOL OF CHAPLAINCY General Stacks 04.11.2021   BR127.M37 1982 5211042021 04.11.2021 04.11.2021 Books